000 00313nam a2200133Ia 4500
005 20251222143240.0
008 251222s9999||||xx |||||||||||||| ||spa||
020 _a88-7033-385-X
082 _a868.32/C48T
100 _aCervantes Saavedra, Miguel de
245 0 _aIntermezzi
264 _bLucarini
942 _cLIB
999 _c14532
_d14532